|
|
|
|
| LEADER |
00000nam a22000007a 4500 |
| 005 |
20151103114612.0 |
| 007 |
cr|||| ||u| |
| 008 |
151103s2015 bl ||||| |||| 00||0 por d |
| 020 |
|
|
|a 978-85-361-8612-2
|
| 035 |
|
|
|a 12917
|
| 040 |
|
|
|a vLex
|
| 090 |
|
|
|c 5641
|d 5641
|
| 100 |
1 |
|
|a Serau Junior, Marco Aurľio
|
| 245 |
1 |
0 |
|a Resoluȯ̂ do conflito previdencir̀io e direitos fundamentais
|h [Recurso electrn̤ico] /
|c Marco Aurľio Serau Junior
|
| 256 |
|
|
|a Servicio en ln̕ea
|
| 260 |
|
|
|a Sô Paulo
|b LTR Editora
|c 2015
|
| 300 |
|
|
|a 1 recurso electrn̤ico
|
| 500 |
|
|
|a Este livro corresponde ̉Tese de Doutorado homn̥ima apresentada ̉Faculdade de Direito da USP. A obra examina a adequada resoluȯ̂ do conflito previdencir̀io, nô se destinando apenas ̉procura de mecanismos para a diminuiȯ̂ do acervo judicir̀io de aė̳s previdencir̀ias. Objetiva-se encontrar soluė̳s para os conflitos previdencir̀ios, judiciais ou extrajudiciais, consensuais ou nô, que sejam compatv̕eis com sua posiȯ̂ de direitos fundamentais e a grande assimetria entre as partes em confronto (cidadôs e Instituto Nacional do Seguro Social) e o cenr̀io de crise do sistema judicial. Prope̳-se um modelo em que, ao lado do papel tradicional do sistema judicial, renove-se o processo administrativo previdencir̀io, permitindo ̉gestô da Previdn̊cia Social a implementaȯ̂ de novos direitos previdencir̀ios, e que a conciliaȯ̂ judicial respeite parḿetros condizentes com a posiȯ̂ diferenciada do segurado, nô se resumindo a mero filtro processual.
|
| 506 |
1 |
|
|a Contenido solo disponible en los productos indicados
|d Este livro corresponde ̉Tese de Doutorado homn̥ima apresentada ̉Faculdade de Direito da USP. A obra examina a adequada resoluȯ̂ do conflito previdencir̀io, nô se destinando apenas ̉procura de mecanismos para a diminuiȯ̂ do acervo judicir̀io de aė̳s previdencir̀ias. Objetiva-se encontrar soluė̳s para os conflitos previdencir̀ios, judiciais ou extrajudiciais, consensuais ou nô, que sejam compatv̕eis com sua posiȯ̂ de direitos fundamentais e a grande assimetria entre as partes em confronto (cidadôs e Instituto Nacional do Seguro Social) e o cenr̀io de crise do sistema judicial. Prope̳-se um modelo em que, ao lado do papel tradicional do sistema judicial, renove-se o processo administrativo previdencir̀io, permitindo ̉gestô da Previdn̊cia Social a implementaȯ̂ de novos direitos previdencir̀ios, e que a conciliaȯ̂ judicial respeite parḿetros condizentes com a posiȯ̂ diferenciada do segurado, nô se resumindo a mero filtro processual.
|d vLex Global (Academic Edition, excluding Law Schools)
|d vLex Global (U.S. Academic Edition, Law Schools)
|d vLex Global (U.S. Academic Edition, excluding Law Schools)
|d vLex Global (Academic Edition, Law Schools)
|
| 650 |
0 |
4 |
|a Derecho
|z Brasil
|
| 740 |
0 |
|
|a vLex libros (servicio en ln̕ea)
|
| 856 |
4 |
0 |
|u http://vlex.com/source/resolu-o-do-conflito-previdenciario-e-direitos-fundamentais-12917
|z Acceso restringido
|
| 942 |
|
|
|c BOOK
|
| 999 |
0 |
|
|a Law
|